000 00335nam a2200121Ia 4500
003 GCL
008 140319s9999 xx 000 0 ara d
040 _aGCL /
_cGCL
082 0 4 _a892.76
_bن ج
245 1 0 _aزقاق المدق (بالماليزية)
260 _a[S.N] :
_bالجامعة الامريكية بالقاهرة
490 _a
999 _c33495
_d33495